| 000 | 00441cam a22001457a 4500 | ||
|---|---|---|---|
| 008 | 180718b2004 xxu||||| |||| 00| 0 eng d | ||
| 082 | _aK C2672M | ||
| 245 | _aCase studies in human resource management | ||
| 260 |
_aHyderabad _bICFAI Center for Managment Research _c2004 |
||
| 300 | _a489p. | ||
| 500 | _aContents: v.2. 489p. | ||
| 650 | _aHuman resource managementB | ||
| 650 | _aPersonnel management | ||
| 650 | _aanagement - Case studies | ||
| 999 |
_c404849 _d404849 |
||